乃木坂46の表題曲の歴代センター(41枚目まで) - Statistics

General Stats
  • This quiz has been taken 284 times
    32 since last reset
  • The average score is 15 of 19
Answer Stats
表題番号 答える % Correct
1~5,12 生駒里奈
100%
6,13,17,20,25 白石麻衣
100%
8,9,11,13,17,19,22 西野七瀬
92%
15,19,21,23,31 齋藤飛鳥
92%
28,30,34,39 賀喜遥香
88%
29,38 中西アルノ
88%
24,27,34,37 遠藤さくら
84%
18 与田祐希
84%
33,36,38 井上和
80%
18 大園桃子
80%
10 生田絵梨花
76%
16 橋本奈々未
76%
7 堀未央奈
72%
26,32,35 山下美月
68%
14 深川麻衣
68%
32 久保史緒里
68%
40 瀬戸口心月
64%
41 池田瑛紗
64%
40 矢田萌華
60%
No matching quizzes found
Score Distribution
Percent of People with Each Score
Percentile by Number Answered
Your Score History
You have not taken this quiz since the last reset